Élimination par catégorie - Harry Potter - Statistiques

Statistiques générales
  • Ce quiz a été pris 6 269 fois
  • Le résultat moyen est 9 sur 20
Statistiques - réponses
Groupe # Catégorie % Correct
Orange 75 Lieu magique
91%
Bleu 146 Objet magique
89%
Bleu 136 ...ne contenant pas de magie noire
83%
Bleu 31 ...possédé par Harry Potter
82%
Bleu 7 ...en rapport avec le Quidditch
82%
Violet 128 Créature magique au statut d'animal
71%
Violet 109 ...ne parlant pas de langue
63%
Vert 32 Personnage non-sorcier
59%
Orange 36 ...qui est une boutique/entreprise
59%
Vert 28 ...étant moldu
58%
Vert 10 ...qui connait Dudley Dursley
55%
Orange 17 ...qui se situe sur le Chemin de Traverse
52%
Violet 69 ...n'apparaissant pas dans les films (HP et AF)
15%
Vert 4 ...faisant partie de sa bande
11%
Vert 1 ...qui est invité à son anniversaire Piers Polkiss
9%
Violet 2 ...au programme de soins aux créatures magiques
5%
Orange 8 ...où Harry Potter n'est jamais allé
4%
Orange 1 ...étant une animalerie Ménagerie magique
3%
Bleu 1 ...apparaissant la première fois dans HP4 Multiplettes
3%
Violet 1 ...dangereux Scroutt à pétard
3%
Aucun quiz correspondant
Distribution des résultats
% des personnes avec chaque résultat
Percentile par nombre de réponses
Votre historique - résultats
Vous n’avez pas pris ce quiz